University Home | Library Home | Institutional Repository

North Charterland concession inquiry : (Record no. 151376)

MARC details
000 -LEADER
fixed length control field 00856cam5a220022900 4500
001 - CONTROL NUMBER
control field qce00056290
005 - DATE AND TIME OF LATEST TRANSACTION
control field 20190823110614.0
008 - FIXED-LENGTH DATA ELEMENTS--GENERAL INFORMATION
fixed length control field 771011s1932 enkb f000 0 eng
010 ## - LIBRARY OF CONGRESS CONTROL NUMBER
LC control number 33002157
035 ## - SYSTEM CONTROL NUMBER
System control number (Sirsi) r44760
035 ## - SYSTEM CONTROL NUMBER
System control number (QCAT)lss01743935
035 ## - SYSTEM CONTROL NUMBER
System control number (UPRA)qce00056290
040 ## - CATALOGING SOURCE
Modifying agency UPRA
100 1# - MAIN ENTRY--PERSONAL NAME
Titles and words associated with a name Sir, d8.1..28.5
Linkage A2322.1
245 10 - TITLE STATEMENT
Title North Charterland concession inquiry :
Remainder of title Report to the governor of Northern Rhodesia by the commissioner /
Statement of responsibility, etc. Mr. Justice Maugham ; july, 1932...
260 ## - PUBLICATION, DISTRIBUTION, ETC.
Place of publication, distribution, etc. London :
Name of publisher, distributor, etc. H.M.S.O.,
Date of publication, distribution, etc. 1932.
490 0# - SERIES STATEMENT
Series statement [Great Britain. Colonial office] Colonial, no. 73
Linkage S1565.1
500 ## - GENERAL NOTE
General note Includes also Documents and correspondence in chronological order concerning the North Charterland concession.
500 ## - GENERAL NOTE
General note Photocopy.
949 ## - LOCAL PROCESSING INFORMATION (OCLC)
a (O2) 1932/3
w lcc
m MAIN
t BOOK
l ON-SHELF

No items available.

© 2026 - The University of Zambia Library - Koha v25.11